[Event "IRL-ch Weekender op"]
[Site "Dublin"]
[Date "2018.08.11"]
[Round "2.6"]
[White "Bernhardsson, Sten Hilding G"]
[Black "Kremerts, Romans"]
[Result "1-0"]
[WhiteElo "1970"]
[BlackElo "1572"]
[PlyCount "71"]
[EventDate "2018.08.10"]
[EventType "swiss"]
[EventRounds "5"]
[EventCountry "IRL"]
[SourceTitle "EXT 2023"]
[Source "ChessBase"]
[SourceDate "2022.10.05"]
[SourceVersion "1"]
[SourceVersionDate "2022.10.05"]
[SourceQuality "1"]

1. d4 g6 2. e4 Bg7 3. Nf3 c5 4. c3 Nc6 5. Bc4 cxd4 6. cxd4 d6 7. 0-0 Nf6 8. Nc3 0-0 9. h3 Bd7 10. Qe2 Rc8 11. e5 dxe5 12. dxe5 Ne8 13. e6 Bxe6 14. Bxe6 fxe6 15. Qxe6+ Kh8 16. Rd1 Qc7 17. Nd5 Nd8 18. Nxc7 Nxe6 19. Nxe6 Rf6 20. Nxg7 Kxg7 21. Bd2 Kf7 22. Bc3 Rfc6 23. Ne5+ Ke6 24. Nxc6 Rxc6 25. Rd4 Nf6 26. Re1+ Kf7 27. Rf4 g5 28. Rf3 h6 29. Rd1 b6 30. Rd7 Ke6 31. Rxa7 Nd5 32. Kf1 b5 33. a3 Kd6 34. g3 Kc5 35. Rf5 Kb6 36. Bd4+ 1-0